LEADER 00669nam 2200241zu 450 001 9911020825503321 005 20250115173219.0 010 $a9781003562719 010 $a100356271X 035 $a(CKB)37195368600041 035 $a(EXLCZ)9937195368600041 100 $a20250115|2025uuuu || | 101 0 $aeng 135 $aur||||||||||| 200 10$aClass and Time-Based Subjective Inequality : Wealth Forecast 210 $cRoutledge$d2025 311 08$a9781032739724 311 08$a103273972X 700 $aDuvoux$b Nicolas$01456190 906 $aBOOK 912 $a9911020825503321 996 $aClass and time-based subjective inequality$94375388 997 $aUNINA LEADER 02672nam0 22005053i 450 001 MIL0137614 005 20251003044225.0 010 $a880604432X 100 $a20130827d1977 ||||0itac50 ba 101 | $aita$cita 102 $ait 181 1$6z01$ai $bxxxe 182 1$6z01$an 183 1$6z01$anc$2RDAcarrier 200 1 $aChiesa e stato in Italia dalla unificazione agli anni settanta$fArturo Carlo Jemolo 210 $aTorino$cEinaudi$dc1977 215 $a331 p.$d19 cm 225 | $aPiccola biblioteca Einaudi$v60 300 $aGia pubblicato con il titolo: Chiesa e Stato in Italia dalla unificazione a Giovanni 23 410 0$1001CFI0010621$12001 $aPiccola biblioteca Einaudi$v60 500 10$aChiesa e stato in Italia dalla unificazione agli anni settanta$3TSA1884816$9CFIV044749$94401958 606 $aChiesa e Stato$xItalia$xSec. 19.-20.$2FIR$3CFIC004050$9I 676 $a322.1$9RELAZIONI DELLO STATO CON LE COLLETTIVITA RELIGIOSE$v19 676 $a322.1$9RELAZIONI DELLO STATO CON LE COLLETTIVITA RELIGIOSE$v21 676 $a322.10945$9RELAZIONI DELLO STATO CON LE COLLETTIVITA RELIGIOSE. Italia$v23 676 $a945.084$9Storia d'Italia. Regni di Vittorio Emanuele II e di Umberto I, 1861-1900$v14 686 $aIT/X42.9$cRAPPORTI STATO E CHIESA CATTOLICA ITALIA$2R 686 $aIT/X420.0$cPOLITICA E CULTURA ITALIA$2R 686 $aVA/X42.0$cPOLITICA E CULTURA VATICANO$2R 686 $aVA/X42.9$cRAPPORTI CON LO STATO ITALIANO VATICANO$2R 700 1$aJemolo$b, Arturo Carlo$3CFIV044749$4070$0246623 790 1$aJemolo$b, Carlo Arturo$3MILV127870$zJemolo, Arturo Carlo 790 1$aJemolo$b, A. C.$3SBNV010079$zJemolo, Arturo Carlo 790 1$aIemolo$b, Arturo Carlo$3SBNV010092$zJemolo, Arturo Carlo 801 3$aIT$bIT-000000$c20130827 850 $aIT-BN0095 $aIT-SA0112 $aIT-AV0003 $aIT-BN0010 901 $bNAP 84$cBIBLIOTECA$n$ 901 $bNAP 01$cPOZZO LIB.$nVi sono collocati fondi di economia, periodici di ingegneria e scienze, periodici di economia e statistica e altri fondi comprendenti documenti di economia pervenuti in dono. 901 $bNAP AR$cP. CICCONE$nDONAZIONE 901 $bNAP CB$cFONDO MAIO$nRiunisce varie sezioni: religione; storia; storia locale; epigrafia 912 $aMIL0137614 950 0$aBiblioteca Centralizzata di Ateneo$c1 v.$d 01POZZO LIB.ECON MON 7074$e 0101 0700199735E VMA 1 v. (Precedente collocazione 19 EC 973)$fB $h20220801$i20220801 977 $a 01$a 84$a AR$a CB 996 $aChiesa e stato in Italia dalla unificazione agli anni settanta$94401958 997 $aUNISANNIO LEADER 02397nam 2200613 a 450 001 9910966617803321 005 20251117120118.0 010 $a1-134-65713-7 010 $a1-134-65712-9 010 $a1-280-18250-4 010 $a0-203-26380-4 010 $a0-203-00561-9 024 7 $a10.4324/9780203005613 035 $a(CKB)1000000000004226 035 $a(EBL)169012 035 $a(OCoLC)61514845 035 $a(SSID)ssj0000300521 035 $a(PQKBManifestationID)11947488 035 $a(PQKBTitleCode)TC0000300521 035 $a(PQKBWorkID)10252525 035 $a(PQKB)11762584 035 $aebr2003578 035 $a(MiAaPQ)EBC169012 035 $a(Au-PeEL)EBL169012 035 $a(CaPaEBR)ebr10070523 035 $a(CaONFJC)MIL18250 035 $a(OCoLC)50296596 035 $a(EXLCZ)991000000000004226 100 $a20050808e20021999 uy 0 101 0 $aeng 135 $aur|n|---||||| 181 $ctxt 182 $cc 183 $acr 200 00$aIreland in proximity $ehistory, gender, space /$fedited by Scott Brewster ... [et al.] 210 $aLondon ;$aNew York $cRoutledge$d2002 215 $a1 online resource (209 p.) 300 $aDescription based upon print version of record. 311 08$a0-415-18957-8 311 08$a0-415-18958-6 320 $aIncludes bibliographical references and index. 327 $aPreliminaries; Contents; Notes on contributors; Foreword; Acknowledgements; Introduction; 1 Introduction; 2 Nationalism and revisionism; 3 The Whole People of Ireland'; 4 Re-writing the Famine; 5 Introduction; 6 Wild(e) Ireland; 7 A theatrical matrilineage?; 8 Gender, citizenship and the state in Ireland, 1922?1990; 10 Introduction; 11 M/otherlands: literature, gender, diasporic identity; 12 Citizens of its hiding place; 13 Mapping carceral space; 14 Listening to the silences; Index; 330 $aDrawing on a variety of disciplinary and theoretical approaches, this impressive collection of essays makes an innovative contribution to current, and often contentious, debate within Irish studies. 607 $aIreland$xCivilization 607 $aIreland$xHistory 676 $a941.5 701 $aBrewster$b Scott$0939642 801 0$bMiAaPQ 801 1$bMiAaPQ 801 2$bMiAaPQ 906 $aBOOK 912 $a9910966617803321 996 $aIreland in proximity$94493375 997 $aUNINA